000 00503nam a2200169Ia 4500
008 090711s9999 xx 000 0 und d
082 _b90085
100 _aबनारसे वि. ब.
245 _aरस नव्हे डोंगा
260 _c1970
300 _a132
600 _aबनारसे वि. ब.
630 _aरस नव्हे डोंगा
700 _aबनारसे वि. ब.
730 _aरस नव्हे डोंगा
942 _cBOOK
999 _c297443
_d297443